The best gift for bear / (Record no. 378697)
[ view plain ]
| 000 -LEADER | |
|---|---|
| fixed length control field | 01806aam a2200445 i 4500 |
| 001 - CONTROL NUMBER | |
| control field | 1290376719 |
| 003 - CONTROL NUMBER IDENTIFIER | |
| control field | OCoLC |
| 005 - DATE AND TIME OF LATEST TRANSACTION | |
| control field | 20221108131055.0 |
| 007 - PHYSICAL DESCRIPTION FIXED FIELD--GENERAL INFORMATION | |
| fixed length control field | t|| |
| 008 - FIXED-LENGTH DATA ELEMENTS--GENERAL INFORMATION | |
| fixed length control field | 221003s2022 nyua b 000 1 eng d |
| 020 ## - INTERNATIONAL STANDARD BOOK NUMBER | |
| International Standard Book Number | 1542029228 |
| Qualifying information | hardcover |
| 020 ## - INTERNATIONAL STANDARD BOOK NUMBER | |
| International Standard Book Number | 9781542029223 |
| Qualifying information | hardcover |
| 035 ## - SYSTEM CONTROL NUMBER | |
| System control number | (OCoLC)1290376719 |
| 040 ## - CATALOGING SOURCE | |
| Original cataloging agency | YDX |
| Language of cataloging | eng |
| Description conventions | rda |
| Transcribing agency | YDX |
| Modifying agency | BDX |
| -- | KOP |
| -- | TOH |
| -- | GP5 |
| -- | TnLvILS |
| 092 ## - LOCALLY ASSIGNED DEWEY CALL NUMBER (OCLC) | |
| Classification number | children holiday |
| Item number | Bell |
| 100 1# - MAIN ENTRY--PERSONAL NAME | |
| Personal name | Bell, Jennifer |
| Fuller form of name | (Jennifer A.), |
| Dates associated with a name | 1977- |
| Relator term | author. |
| Relator code | aut. |
| 9 (RLIN) | 5889445 |
| 245 14 - TITLE STATEMENT | |
| Title | The best gift for bear / |
| Statement of responsibility, etc | by Jennifer A. Bell. |
| 250 ## - EDITION STATEMENT | |
| Edition statement | First edition. |
| 264 #1 - Production, Publication, Distribution, Manufacture, and Copyright Notice. | |
| Place of production, publication, distribution, manufacture | New York : |
| Name of producer, publisher, distributor, manufacturer | Two Lions, |
| Date of production, publication, distribution, manufacture, or copyr | [2022] |
| 264 #4 - Production, Publication, Distribution, Manufacture, and Copyright Notice. | |
| Date of production, publication, distribution, manufacture, or copyr | 2. |
| 300 ## - PHYSICAL DESCRIPTION | |
| Extent | 1 volume (unpaged) : |
| Other physical details | color illustrations ; |
| Dimensions | 29 cm. |
| 336 ## - Content Type | |
| Content type term | text |
| 336 ## - Content Type | |
| Content type term | still image |
| 337 ## - Media type | |
| Media type term | unmediated |
| 338 ## - Carrier type | |
| Carrier type term | volume |
| 500 ## - GENERAL NOTE | |
| General note | Includes recipe. |
| 520 ## - SUMMARY, ETC. | |
| Summary, etc | "Hedgehog has been busy making gifts for all of her friends. But what could possibly be grand enough for her dear friend Bear? Bear had shown Hedgehog the wonders of butterflies and taught her to ice-skate, after all. When Hedgehog finally finds her inspiration and delivers the gift, it doesn't quite turn out as she expected." -- |
| 650 #0 - SUBJECT ADDED ENTRY--TOPICAL TERM | |
| Topical term or geographic name as entry element | Bears |
| Form subdivision | Juvenile fiction. |
| 9 (RLIN) | 5674588 |
| 650 #0 - SUBJECT ADDED ENTRY--TOPICAL TERM | |
| Topical term or geographic name as entry element | Hedgehogs |
| Form subdivision | Juvenile fiction. |
| 9 (RLIN) | 5699903 |
| 650 #0 - SUBJECT ADDED ENTRY--TOPICAL TERM | |
| Topical term or geographic name as entry element | Friendship |
| Form subdivision | Juvenile fiction. |
| 9 (RLIN) | 5673647 |
| 650 #0 - SUBJECT ADDED ENTRY--TOPICAL TERM | |
| Topical term or geographic name as entry element | Gifts |
| Form subdivision | Juvenile fiction. |
| 9 (RLIN) | 5675569 |
| 650 #0 - SUBJECT ADDED ENTRY--TOPICAL TERM | |
| Topical term or geographic name as entry element | Winter |
| Form subdivision | Juvenile fiction. |
| 9 (RLIN) | 5699906 |
| 650 #1 - SUBJECT ADDED ENTRY--TOPICAL TERM | |
| Topical term or geographic name as entry element | Bears |
| Form subdivision | Fiction. |
| 9 (RLIN) | 5674592 |
| 650 #1 - SUBJECT ADDED ENTRY--TOPICAL TERM | |
| Topical term or geographic name as entry element | Hedgehogs |
| Form subdivision | Fiction. |
| 9 (RLIN) | 5706836 |
| 650 #1 - SUBJECT ADDED ENTRY--TOPICAL TERM | |
| Topical term or geographic name as entry element | Friendship |
| Form subdivision | Fiction. |
| 9 (RLIN) | 5673769 |
| 650 #1 - SUBJECT ADDED ENTRY--TOPICAL TERM | |
| Topical term or geographic name as entry element | Gifts |
| Form subdivision | Fiction. |
| 9 (RLIN) | 5675570 |
| 650 #1 - SUBJECT ADDED ENTRY--TOPICAL TERM | |
| Topical term or geographic name as entry element | Winter |
| Form subdivision | Fiction. |
| 9 (RLIN) | 5685884 |
| 655 #7 - INDEX TERM--GENRE/FORM | |
| Genre/form data or focus term | Picture books. |
| Source of term | lcgft. |
| 942 ## - ADDED ENTRY ELEMENTS (KOHA) | |
| Source of classification or shelving scheme | Dewey Decimal Classification |
| Koha item type | BOOK |
| Withdrawn status | Lost status | Source of classification or shelving scheme | Damaged status | Not for loan | Collection code | Home library | Current library | Shelving location | Date acquired | Source of acquisition | Total Checkouts | Total Renewals | Full call number | Barcode | Date last seen | Date checked out | Cost, replacement price | Price effective from | Koha item type |
|---|---|---|---|---|---|---|---|---|---|---|---|---|---|---|---|---|---|---|---|
| Dewey Decimal Classification | Children Holiday Books | Wasatch County Library | Wasatch County Library | Main Floor Childrens Area | 11/08/2022 | Micromarketing | 7 | 10 | E Christmas Bell | 34301001868506 | 01/06/2026 | 12/11/2025 | 17.99 | 11/08/2022 | BOOK |
